The happy child : (Record no. 90122)

MARC details
000 -LEADER
fixed length control field 00546nam a22001817a 4500
005 - DATE AND TIME OF LATEST TRANSACTION
control field 20141118125041.0
010 ## - LCCN (DPL NO)
LC control number ENG-111274
020 ## - INTERNATIONAL STANDARD BOOK NUMBER
International Standard Book Number 9789382400097
Terms of availability 250.00
035 ## - SYSTEM CONTROL NUMBER
System control number EN-94806
037 ## - SOURCE OF ACQUISITION
Source of stock number/acquisition DBAD/PUB
082 ## - DEWEY DECIMAL CLASSIFICATION NUMBER
Classification number 372.139
100 ## - MAIN ENTRY--PERSONAL NAME
Personal name Harrison, Steven
245 ## - TITLE STATEMENT
Title The happy child :
Statement of responsibility, etc by Steven Harrison
Remainder of title changing the heart of education /
260 ## - PUBLICATION, DISTRIBUTION, ETC. (IMPRINT)
Place of publication, distribution, etc Indore
Name of publisher, distributor, etc Banyan Tree
Date of publication, distribution, etc 2014
270 ## - ADDRESS
Address 1-B Dhenu Market, 2nd Floor
City Indore
Postal code 452003
300 ## - PHYSICAL DESCRIPTION
Extent xvii, 144p.
Dimensions 23cm(pbk)
942 ## - ADDED ENTRY ELEMENTS (KOHA)
Source of classification or shelving scheme Dewey Decimal Classification
Item type English Books
Call number suffix HAR
Classification part 372.139
Holdings
Withdrawn status Lost status Not for loan Collection code Home library Current library Date acquired Source of acquisition Cost, normal purchase price Full call number Barcode Copy number Cost, replacement price Koha item type
    Not For Loan Non-fiction D.B.Act.Division D.B.Act.Division 18/11/2014 DBAD/PUB 250.00 372.139 HAR EN-94806 1 250.00 English Books

© Delhi Public Library
Hit Counter
free hit counter